Diagnostika motorov a jej vplyv na prevádzkovú spoľahlivosť a znižovanie spotreby nafty

Bibliographic Details
Main Author: Balog, Július, 1942- (Author)
Format: Article
Language:Slovak
Subjects:

MARC

LEADER 00000nab a2200000 a 4500
001 vtls000415710
003 SK-MaSNL
005 20260304001418.0
008 120925c1988 xo 0 slo
015 |a SNBRA19rr/mm-uuuuu 
035 |a CL0415835 
040 |a SNKBUCL  |b slo  |c SNKBUCL  |e AACR2 
041 0 |a slo 
044 |a xo  |c SK 
080 |a 621.43.004.6  |2 1981 
100 1 |a Balog, Július,  |d 1942-  |4 aut  |9 213979 
245 1 0 |a Diagnostika motorov a jej vplyv na prevádzkovú spoľahlivosť a znižovanie spotreby nafty  |c Július Balog 
650 0 7 |a spaľovacie motory  |2 snkbucl  |9 67366 
650 0 7 |a technická diagnostika  |2 snkbucl  |9 3986 
655 7 |a články zo zborníkov  |2 snkbucl  |9 166140 
773 0 |t Tribotechnika v poľnohospodárstve a potravinárskom priemysle  |d Bratislava : Dom techniky ČSVTS, 1988 
850 |a Slovenská národná knižnica v Martine  |a MTA001 
852 |a SNK  |b KIS3GCP 
958 |a RK 
992 |a RZB 
999 |c 2536644  |d 2538574